000 00300nam a22001337a 4500
008 170810b xxu||||| |||| 00| 0 eng d
020 _a0470265884
041 _aeng
080 _a004
100 _a35
101 _aSHKI
245 _aINTRODUCTION TO SIMULATION AND SLAM
_cALAN, A
942 _2udc
_cBK
999 _c23111
_d23111